[Event "Akron Cardinal op"]
[White "Winters, Lance"]
[Black "Ramer, Scott Leo"]
[Site "Akron"]
[Round "1"]
[Result "0-1"]
[Date "2023.02.03"]
[WhiteElo "1830"]
[BlackElo "2150"]
[PlyCount "50"]
[EventDate "2023.02.03"]
[EventType "swiss"]
[EventRounds "5"]
[EventCountry "USA"]
[SourceTitle "CBM 212 Extra"]
[Source "ChessBase"]
[SourceDate "2023.03.31"]
[SourceVersion "1"]
[SourceVersionDate "2023.03.31"]
[SourceQuality "1"]

1. c4 Nf6 2. d4 g6 3. Nf3 Bg7 4. b3 0-0 5. Bb2 c6 6. Nbd2 d5 7. e3 Bg4 8. Bd3 c5 9. 0-0 cxd4 10. exd4 Nc6 11. Re1 e6 12. Rc1 Rc8 13. a3 dxc4 14. bxc4 Nh5 15. Be2 Nf4 16. Nb3 Nxe2+ 17. Qxe2 Qb6 18. Qe3 Bxf3 19. c5 Qc7 20. Qxf3 Rfd8 21. Rc4 Rd5 22. g3 Rcd8 23. Re4 Qd7 24. Qe3 e5 25. dxe5 Rd3 0-1